[Event "Bad Woerishofen op"]
[Site "?"]
[Date "2000.??.??"]
[Round "5"]
[White "Kraft, Hans"]
[Black "Diete, Guenter"]
[Result "1-0"]
[WhiteElo "2044"]
[BlackElo "1655"]
[Annotator "ChessOrg"]
[PlyCount "107"]
[EventDate "2000.??.??"]
[Source "ChessBase"]
[SourceDate "1998.04.29"]

1. e4 e5 2. Nf3 d6 3. d4 exd4 4. Nxd4 Be7 5. Nc3 Nf6 6. Bc4 O-O 7. O-O c6 8. a4
Nbd7 9. Re1 Ne5 10. Bf1 Bg4 11. f3 Bd7 12. h3 Qc7 13. f4 Ng6 14. Nb3 Rad8 15.
Be3 a5 16. Qf3 Rfe8 17. Rad1 Bf8 18. g4 h6 19. f5 Ne5 20. Qg2 d5 21. exd5 cxd5
22. g5 hxg5 23. Bxg5 Bc5+ 24. Kh1 Ne4 25. Nxe4 dxe4 26. Nxc5 Qxc5 27. Bf6 Qf8
28. Bxd8 Rxd8 29. f6 Ng6 30. Bc4 Nf4 31. Qxg7+ Qxg7 32. fxg7 Nxh3 33. Kh2 Ng5
34. Kg3 Kxg7 35. Bb5 Bxb5 36. Rxd8 Bxa4 37. Rd5 Kg6 38. b3 Bc6 39. Rxa5 Nf3 40.
Re3 Nd4 41. c4 f5 42. Kf4 Kf6 43. Re5 Bd7 44. b4 Nc2 45. Rh3 Kg6 46. Rd5 Bc6
47. Rxf5 Nxb4 48. Rg3+ Kh6 49. Rf6+ Kh7 50. Rxc6 Nxc6 51. Kxe4 Ne7 52. Ke5 b6
53. Rb3 Nc8 54. Ke6 1-0

[Event "Bad Woerishofen op"]
[Site "?"]
[Date "2000.??.??"]
[Round "6"]
[White "Kraft, Hans"]
[Black "Schmid, Hermann"]
[Result "1-0"]
[WhiteElo "2044"]
[BlackElo "2200"]
[Annotator "ChessOrg"]
[PlyCount "39"]
[EventDate "2000.??.??"]
[Source "ChessBase"]
[SourceDate "1998.04.29"]

1. e4 c6 2. d4 d5 3. exd5 cxd5 4. c4 Nf6 5. Nc3 g6 6. cxd5 Bg7 7. Bc4 O-O 8.
Nge2 Nbd7 9. Nf4 Nb6 10. Bb3 Qd6 11. h3 Rd8 12. O-O Bf5 13. Re1 Rac8 14. a3 a6
15. Qe2 Kf8 16. g4 Bd7 17. Bd2 Bh6 18. Nxg6+ hxg6 19. Bxh6+ Kg8 20. Qxe7 1-0

[Event "Bad Woerishofen op"]
[Site "?"]
[Date "2000.??.??"]
[Round "8"]
[White "Kraft, Hans"]
[Black "Ziltener, Werner"]
[Result "0-1"]
[WhiteElo "2044"]
[BlackElo "1984"]
[Annotator "ChessOrg"]
[PlyCount "56"]
[EventDate "2000.??.??"]
[Source "ChessBase"]
[SourceDate "1998.04.29"]

1. e4 e5 2. Nf3 Nc6 3. Bb5 Nf6 4. O-O Bc5 5. c3 O-O 6. d4 Bb6 7. Re1 d6 8. h3
Ne7 9. dxe5 dxe5 10. Qxd8 Rxd8 11. Bg5 Ng6 12. Nbd2 h6 13. Bxf6 gxf6 14. Nc4
Be6 15. Nxb6 axb6 16. a3 Nf4 17. Rad1 Bb3 18. Rxd8+ Rxd8 19. Bf1 Kf8 20. g3 Ne6
21. Kg2 Nc5 22. Nh4 Rd2 23. Nf5 Bc2 24. Nxh6 Bxe4+ 25. Kg1 Rxb2 26. Bg2 Bxg2
27. Kxg2 Nd3 28. Ng4 Nxe1+ 0-1

[Event "Bad Woerishofen op"]
[Site "?"]
[Date "2000.??.??"]
[Round "1"]
[White "Krueger, Manfred"]
[Black "Neumann, Erwin"]
[Result "0-1"]
[WhiteElo "1250"]
[BlackElo "1810"]
[Annotator "ChessOrg"]
[PlyCount "96"]
[EventDate "2000.??.??"]
[Source "ChessBase"]
[SourceDate "1998.04.29"]

1. e4 e5 2. Nf3 Nf6 3. Nc3 Bb4 4. d3 d5 5. exd5 Nxd5 6. Bd2 Nc6 7. Be2 O-O 8.
a3 Nxc3 9. bxc3 Bd6 10. O-O Bf5 11. c4 Qe7 12. Qc1 Rfe8 13. Re1 f6 14. Qb2 Rab8
15. Bc3 Qf7 16. Nd2 Nd4 17. Bf1 c6 18. Ne4 Bc7 19. Bb4 Qg6 20. Re3 Bxe4 21.
dxe4 b6 22. Rh3 Ne6 23. Re1 a5 24. Bd2 Nc5 25. Rg3 Qf7 26. Bh6 Ne6 27. Ree3 Kh8
28. Rh3 gxh6 29. Rxh6 Rg8 30. Reh3 Rg7 31. Qc3 Ng5 32. R3h4 Rd8 33. Be2 Rd4 34.
f4 Nxe4 35. Qh3 Nd6 36. Bd3 e4 37. f5 c5 38. Be2 Qd7 39. Rxf6 Nf7 40. Bg4 Bd8
41. Rxf7 Qxf7 42. Bh5 Qf6 43. Rf4 Rd2 44. Rf1 Rgxg2+ 45. Qxg2 Rxg2+ 46. Kxg2
Qg5+ 47. Kh1 Qxh5 48. f6 Qf7 0-1

[Event "Bad Woerishofen op"]
[Site "?"]
[Date "2000.??.??"]
[Round "3"]
[White "Krueger, Manfred"]
[Black "Hahner, Anton"]
[Result "0-1"]
[WhiteElo "1250"]
[BlackElo "1800"]
[Annotator "ChessOrg"]
[PlyCount "170"]
[EventDate "2000.??.??"]
[Source "ChessBase"]
[SourceDate "1998.04.29"]

1. e4 c5 2. Nf3 Nc6 3. d4 cxd4 4. Nxd4 d6 5. Nc3 g6 6. Be3 Bg7 7. Qd2 Nf6 8. f3
Bd7 9. O-O-O a6 10. Bc4 Rc8 11. Nxc6 Bxc6 12. Bb3 Qa5 13. Qf2 Nd7 14. Nd5 Bxd5
15. Rxd5 Nc5 16. Kb1 O-O 17. Bd2 Qc7 18. Be3 e6 19. Rd2 Rfd8 20. Bg5 Rd7 21. g4
Qa5 22. Qe3 Rc6 23. Rhd1 Qc7 24. Bf4 b5 25. h4 a5 26. a3 Nxb3 27. Qxb3 h6 28.
e5 d5 29. Qe3 Kh7 30. h5 g5 31. Bh2 Rc4 32. Rf1 Rd8 33. f4 Re4 34. Qd3 Qc4 35.
Qf3 gxf4 36. Bxf4 Rd7 37. Rd3 Qc7 38. Rc3 Rc4 39. Qd3+ Kg8 40. Rxc4 Qxc4 41.
Qf3 Rc7 42. Rf2 b4 43. g5 hxg5 44. Bxg5 bxa3 45. Qxa3 Bxe5 46. Be7 Qg4 47. Rf1
Rxc2 48. Qd3 Rxb2+ 49. Kc1 Qc4+ 50. Qxc4 dxc4 51. Rg1+ Kh7 52. Bf8 Rb8 53. Bc5
a4 54. Rg4 Rc8 55. Ba3 Kh6 56. Rh4 Kg5 57. Rh1 Rb8 58. Kc2 Rb3 59. Bc1+ Kg4 60.
h6 Rb8 61. Ba3 Kg5 62. Bc1+ Kg6 63. Rg1+ Kh7 64. Rg5 f5 65. Rg2 Bf6 66. Rd2 Re8
67. Kb1 e5 68. Ka2 e4 69. Ka3 Be7+ 70. Kxa4 Bf8 71. Rh2 Re6 72. Kb5 e3 73. Rh4
e2 74. Bd2 e1=Q 75. Bxe1 Rxe1 76. Kxc4 Bxh6 77. Kd4 Kg6 78. Kd3 Bg5 79. Rh3 f4
80. Rf3 Re3+ 81. Rxe3 fxe3 82. Ke2 Kf5 83. Kf3 Ke5 84. Ke2 Ke4 85. Kf1 Kf3 0-1

[Event "Bad Woerishofen op"]
[Site "?"]
[Date "2000.??.??"]
[Round "5"]
[White "Krueger, Manfred"]
[Black "Hoeppner, Hans"]
[Result "1-0"]
[WhiteElo "1250"]
[BlackElo "1694"]
[Annotator "ChessOrg"]
[PlyCount "58"]
[EventDate "2000.??.??"]
[Source "ChessBase"]
[SourceDate "1998.04.29"]

1. e4 e6 2. d4 Ne7 3. c4 Ng6 4. Nf3 Nh4 5. e5 d6 6. Bf4 Nd7 7. Bg3 Nxf3+ 8.
Qxf3 dxe5 9. dxe5 c6 10. Bd3 Qa5+ 11. Nc3 Nxe5 12. Qe2 Nxd3+ 13. Qxd3 Bb4 14.
Bd6 Bxc3+ 15. bxc3 f6 16. Qg3 Qg5 17. Qxg5 fxg5 18. Rd1 Kf7 19. O-O b6 20. Be5
Ba6 21. Rd7+ Kg6 22. Rxg7+ Kf5 23. Re1 Rhg8 24. Rxh7 Bxc4 25. a3 Rad8 26. Rh6
Rd5 27. Rf6+ Kg4 28. h3+ Kh5 29. g4+ Kh4 1-0

[Event "Bad Woerishofen op"]
[Site "?"]
[Date "2000.??.??"]
[Round "7"]
[White "Krueger, Manfred"]
[Black "Miessner, Rolf"]
[Result "0-1"]
[WhiteElo "1250"]
[BlackElo "1750"]
[Annotator "ChessOrg"]
[PlyCount "92"]
[EventDate "2000.??.??"]
[Source "ChessBase"]
[SourceDate "1998.04.29"]

1. e4 d5 2. exd5 Qxd5 3. Nc3 Qa5 4. d4 c6 5. Bd2 Bf5 6. Nf3 Nd7 7. Bc4 e6 8.
Nh4 Bg6 9. Nxg6 hxg6 10. Bf4 Ngf6 11. Qf3 Qh5 12. Qd3 O-O-O 13. Ne2 Qf5 14. Qb3
Nb6 15. Bd3 Qa5+ 16. c3 Qa4 17. Nc1 Nfd5 18. Bg3 g5 19. O-O Qxb3 20. Nxb3 Nf4
21. Rfd1 Nxd3 22. Rxd3 Nd5 23. h3 Ne7 24. Rf3 Nf5 25. Bh2 Bd6 26. Nd2 g4 27.
Rd3 gxh3 28. Bxd6 Nxd6 29. gxh3 Rh5 30. Kh2 Rdh8 31. Rg1 g6 32. c4 Rf5 33. Rg2
Rh4 34. Nf3 Rhf4 35. Ra3 Rxf3 36. Rxa7 Nxc4 37. Ra8+ Kd7 38. b3 Nd6 39. Ra4
Rxf2 40. h4 Rxg2+ 41. Kxg2 Nb5 42. Kg3 Rd5 43. Ra8 Rxd4 44. Rb8 Nd6 45. Ra8
Nf5+ 46. Kf2 Rxh4 0-1

[Event "Bad Woerishofen op"]
[Site "Bad Woerishofen"]
[Date "2000.??.??"]
[Round "9"]
[White "Krueger, Manfred"]
[Black "Schoeffler, Hera"]
[Result "1-0"]
[WhiteElo "1250"]
[BlackElo "1390"]
[Annotator "ChessOrg"]
[PlyCount "24"]
[EventDate "1998.03.05"]
[Source "ChessBase"]
[SourceDate "1998.04.29"]

1. e4 e6 2. d4 d5 3. e5 Nc6 4. Nf3 Nge7 5. c3 g6 6. Bg5 a6 7. Bf6 Rg8 8. Ng5 h6
9. Nh7 b5 10. Qc1 Qd7 11. Bh8 Nf5 12. Nf6+ Kd8 1-0

[Event "Bad Woerishofen op"]
[Site "?"]
[Date "2000.??.??"]
[Round "2"]
[White "Limberg, Siegfried"]
[Black "Schmidt, Werner"]
[Result "0-1"]
[WhiteElo "1980"]
[BlackElo "1840"]
[Annotator "ChessOrg"]
[PlyCount "161"]
[EventDate "2000.??.??"]
[Source "ChessBase"]
[SourceDate "1998.04.29"]

1. d4 Nf6 2. Nf3 e6 3. e3 b6 4. Bd3 Bb7 5. Nbd2 d5 6. O-O Nbd7 7. Qe2 Ne4 8.
Ne5 Nxe5 9. dxe5 Nc5 10. f4 a5 11. Nf3 Be7 12. Nd4 Nxd3 13. cxd3 c5 14. Nf3 O-O
15. Qf2 Ba6 16. Rd1 Qd7 17. b3 a4 18. Bb2 axb3 19. axb3 Qb5 20. Qc2 Rfc8 21.
Kh1 Bb7 22. Ba3 Bf8 23. Bb2 Ba6 24. h3 Ra7 25. Kh2 Rca8 26. Bc3 Qe8 27. Qd2 Bb5
28. Rxa7 Rxa7 29. Rb1 Qa8 30. Bb2 Ra2 31. Qd1 Qa6 32. Ne1 Be7 33. Kg3 Qa8 34.
Qg4 g6 35. Qd1 Qd8 36. Nf3 h5 37. h4 Qa8 38. Kh3 Qa6 39. Ne1 Bc6 40. Nf3 Qb5
41. Bc3 Qa6 42. Ne1 b5 43. b4 Qa3 44. Rb3 Qa4 45. Qb1 cxb4 46. Bd4 Ra3 47. Rb2
b3 48. Qc1 b4 49. Nf3 Ra1 50. Rb1 Rxb1 51. Qxb1 Qa2 52. Qb2 Bb5 53. Nd2 Bxd3
54. Nxb3 Bf5+ 55. Kg3 Qxb2 56. Bxb2 Bc2 57. Nd4 Ba4 58. Kh3 Bc5 59. g4 hxg4+
60. Kxg4 Kg7 61. Kf3 Kf8 62. e4 Bd1+ 63. Ke3 dxe4 64. Kxe4 Be7 65. Nc6 Bc5 66.
Kd3 Bf3 67. Nd4 Bd5 68. Bc1 Ke8 69. Be3 Kd7 70. Kd2 Kc8 71. Kd3 Kb7 72. Nb5
Bxe3 73. Kxe3 Kb6 74. Nd6 Ka5 75. Kd2 Ka4 76. Kc2 Ka3 77. Nb5+ Ka2 78. Nd4 b3+
79. Nxb3 Bxb3+ 80. Kc3 Ka3 81. Kd4 0-1

[Event "Bad Woerishofen op"]
[Site "?"]
[Date "2000.??.??"]
[Round "4"]
[White "Limberg, Siegfried"]
[Black "Finzer, Lothar"]
[Result "1-0"]
[WhiteElo "1980"]
[BlackElo "1800"]
[Annotator "ChessOrg"]
[PlyCount "95"]
[EventDate "2000.??.??"]
[Source "ChessBase"]
[SourceDate "1998.04.29"]

1. d4 d5 2. Nf3 c6 3. e3 Bg4 4. c4 e6 5. Qb3 Qc7 6. Ne5 Bf5 7. cxd5 f6 8. dxc6
bxc6 9. Nf3 Nd7 10. Bd3 Rb8 11. Qc2 Bxd3 12. Qxd3 Bd6 13. O-O Ne7 14. b3 O-O
15. Qc4 Nd5 16. Ba3 Bxa3 17. Nxa3 N7b6 18. Qe2 Rfc8 19. Rfc1 Qe7 20. Nc4 Rc7
21. Nfd2 Rbc8 22. Ne4 Nd7 23. Nb2 e5 24. dxe5 Nxe5 25. Nc5 Qe8 26. Nbd3 Re7 27.
Nxe5 Rxe5 28. Qc4 Kh8 29. h3 Rg5 30. Ne4 Nb6 31. Qc2 Rd5 32. Ng3 c5 33. Rd1 Re5
34. Rac1 c4 35. bxc4 Rxc4 36. Qb1 Ra4 37. Rc2 Nc4 38. Qb7 Nb6 39. Rcd2 Qg8 40.
Rd8 Re8 41. Qc7 Rc4 42. Qb8 Rc8 43. Rxc8 Nxc8 44. Rc1 Qe6 45. Rc7 h6 46. Nh5
Qb6 47. Qxb6 axb6 48. Nxg7 1-0

[Event "Bad Woerishofen op"]
[Site "?"]
[Date "2000.??.??"]
[Round "6"]
[White "Limberg, Siegfried"]
[Black "Weber, Gerhard"]
[Result "1-0"]
[WhiteElo "1980"]
[BlackElo "1824"]
[Annotator "ChessOrg"]
[PlyCount "120"]
[EventDate "2000.??.??"]
[Source "ChessBase"]
[SourceDate "1998.04.29"]

1. d4 Nf6 2. Nf3 g6 3. c4 d6 4. Nc3 Bg7 5. e4 O-O 6. Be2 e5 7. dxe5 dxe5 8.
Qxd8 Rxd8 9. Bg5 Re8 10. O-O Na6 11. h3 c6 12. Rfd1 Nc5 13. Nd2 h6 14. Be3 Ne6
15. b4 Rd8 16. Rac1 Nf4 17. Bf1 Ne8 18. Nb3 Be6 19. Rxd8 Rxd8 20. Bxa7 Bf8 21.
Bc5 Nd3 22. Bxd3 Rxd3 23. Bxf8 Kxf8 24. Nc5 Rd4 25. Nxb7 Rxc4 26. a3 Ke7 27. f3
Rd4 28. Na5 Rd6 29. Na4 Kd7 30. Nb6+ Kc7 31. Nbc4 Bxc4 32. Nxc4 Re6 33. Kf2 Kb7
34. Ke2 Nc7 35. Rd1 Re7 36. Nd6+ Kb8 37. a4 Ne6 38. Rc1 Rd7 39. Nc4 f6 40. Na5
Rd6 41. Ke3 Nd4 42. g3 Ka7 43. f4 Ka6 44. fxe5 fxe5 45. Rc5 Rf6 46. Rxe5 Nc2+
47. Ke2 Nxb4 48. Nb3 Kb6 49. h4 h5 50. Nc5 Rd6 51. a5+ Ka7 52. Re7+ Ka8 53. Re6
Rxe6 54. Nxe6 Na6 55. Nf4 Nc5 56. Ke3 Ka7 57. Nxg6 Ka6 58. Nf4 Kxa5 59. Nxh5
Ne6 60. Nf4 Nf8 1-0

[Event "Bad Woerishofen op"]
[Site "?"]
[Date "2000.??.??"]
[Round "8"]
[White "Limberg, Siegfried"]
[Black "Philipp, Guenther"]
[Result "1-0"]
[WhiteElo "1980"]
[BlackElo "1752"]
[Annotator "ChessOrg"]
[PlyCount "53"]
[EventDate "2000.??.??"]
[Source "ChessBase"]
[SourceDate "1998.04.29"]

1. d4 Nf6 2. Nf3 e6 3. e3 d5 4. Bd3 c5 5. c3 c4 6. Bc2 Bd6 7. Nbd2 Qc7 8. e4
dxe4 9. Nxe4 Nxe4 10. Bxe4 f6 11. Qe2 O-O 12. Nd2 Nc6 13. Nxc4 Bf4 14. Bxh7+
Kxh7 15. Qe4+ f5 16. Qxf4 Qd8 17. O-O Bd7 18. Re1 Qb8 19. Qh4+ Kg8 20. Bf4 Qd8
21. Qg3 b5 22. Nd6 a6 23. Rad1 Qf6 24. Bg5 Qg6 25. Qf4 Ra7 26. Rd3 Nd8 27. Be7
1-0

[Event "Bad Woerishofen op"]
[Site "?"]
[Date "2000.??.??"]
[Round "2"]
[White "Litterst, Reinhard"]
[Black "Rueggeberg, Wilhelm"]
[Result "1/2-1/2"]
[WhiteElo "1940"]
[BlackElo "1813"]
[Annotator "ChessOrg"]
[PlyCount "83"]
[EventDate "2000.??.??"]
[Source "ChessBase"]
[SourceDate "1998.04.29"]

1. d4 Nf6 2. Nf3 e6 3. c4 d5 4. Nc3 Nbd7 5. e3 c6 6. Qc2 Be7 7. Bd3 Nf8 8. Ne5
Ng6 9. f4 dxc4 10. Bxc4 O-O 11. O-O Nd5 12. Ne4 Qe8 13. Bd2 Kh8 14. a3 f6 15.
Nf3 Rg8 16. Rac1 Nf8 17. Ng3 Bd6 18. Ne4 Be7 19. Ng3 Bd6 20. Ne2 Qh5 21. e4 Nb6
22. Bb3 Bd7 23. Qd3 Rd8 24. Qe3 Qe8 25. a4 Be7 26. a5 Nc8 27. f5 g5 28. g4 Rg7
29. Kg2 h5 30. h3 a6 31. Ng3 h4 32. Ne2 exf5 33. exf5 Bd6 34. Qd3 Re7 35. Rf2
Nh7 36. Re1 Qf8 37. Nc3 Rxe1 38. Bxe1 Re8 39. Re2 Bb4 40. Ne4 Bxe1 41. Rxe1 Nd6
42. Nc5 1/2-1/2

[Event "Bad Woerishofen op"]
[Site "?"]
[Date "2000.??.??"]
[Round "3"]
[White "Litterst, Reinhard"]
[Black "Delander, Adolf"]
[Result "1/2-1/2"]
[WhiteElo "1940"]
[BlackElo "2327"]
[Annotator "ChessOrg"]
[PlyCount "50"]
[EventDate "2000.??.??"]
[Source "ChessBase"]
[SourceDate "1998.04.29"]

1. d4 d5 2. c4 c6 3. Nc3 Nf6 4. e3 e6 5. Nf3 Nbd7 6. Qc2 Bd6 7. Be2 O-O 8. O-O
Qe7 9. e4 dxe4 10. Nxe4 Nxe4 11. Qxe4 f5 12. Qh4 Qxh4 13. Nxh4 e5 14. dxe5 Bxe5
15. Nf3 Bf6 16. Rb1 Nc5 17. Bg5 Bxg5 18. Nxg5 h6 19. Nf3 Be6 20. Nd4 Bd7 21.
Rfd1 Rad8 22. Bf3 Ne6 23. Nxe6 Bxe6 24. b3 Kf7 25. g3 Kf6 1/2-1/2

[Event "Bad Woerishofen op"]
[Site "?"]
[Date "2000.??.??"]
[Round "5"]
[White "Litterst, Reinhard"]
[Black "Neumann, Erwin"]
[Result "0-1"]
[WhiteElo "1940"]
[BlackElo "1810"]
[Annotator "ChessOrg"]
[PlyCount "48"]
[EventDate "2000.??.??"]
[Source "ChessBase"]
[SourceDate "1998.04.29"]

1. d4 Nf6 2. Nf3 b6 3. g3 Bb7 4. Bg2 e6 5. O-O Be7 6. c4 O-O 7. Nc3 d5 8. Ne5
Nbd7 9. Nxd7 Qxd7 10. Qc2 c5 11. e3 dxc4 12. Bxb7 Qxb7 13. dxc5 Bxc5 14. a4 a6
15. Qe2 b5 16. axb5 axb5 17. Bd2 Rfc8 18. Rfc1 Nd7 19. Rxa8 Rxa8 20. Qh5 g6 21.
Qg5 f6 22. Qg4 Ne5 23. Qxe6+ Kg7 24. Nd5 Ra6 0-1

[Event "Bad Woerishofen op"]
[Site "?"]
[Date "2000.??.??"]
[Round "7"]
[White "Litterst, Reinhard"]
[Black "Morger, Karl-Heinz"]
[Result "1/2-1/2"]
[WhiteElo "1940"]
[BlackElo "1815"]
[Annotator "ChessOrg"]
[PlyCount "63"]
[EventDate "2000.??.??"]
[Source "ChessBase"]
[SourceDate "1998.04.29"]

1. d4 d5 2. c4 e6 3. Nc3 Nf6 4. e3 a6 5. Nf3 dxc4 6. Bxc4 b5 7. Bd3 Bb7 8. O-O
c5 9. dxc5 Bxc5 10. e4 h6 11. Qe2 b4 12. Na4 Ba7 13. b3 Nc6 14. Bb2 Qe7 15. h3
O-O 16. Rfd1 Rfd8 17. Rac1 Nh5 18. Qc2 Nf4 19. Bf1 Rac8 20. Rxd8+ Nxd8 21. Qd2
Rxc1 22. Qxc1 Ng6 23. Bd3 Qd6 24. Qd2 Nc6 25. e5 Qd5 26. Bxg6 fxg6 27. Qxd5
exd5 28. Bc1 Bc8 29. a3 a5 30. axb4 axb4 31. Nb2 Kf7 32. Ne1 1/2-1/2

[Event "Bad Woerishofen op"]
[Site "Bad Woerishofen"]
[Date "2000.??.??"]
[Round "9"]
[White "Litterst, Reinhard"]
[Black "Frantzke, Helmut"]
[Result "0-1"]
[WhiteElo "1940"]
[BlackElo "1869"]
[Annotator "ChessOrg"]
[PlyCount "91"]
[EventDate "1998.03.05"]
[Source "ChessBase"]
[SourceDate "1998.04.29"]

1. d4 g6 2. c4 Bg7 3. Nf3 d6 4. Nc3 Bg4 5. e3 Nd7 6. Be2 a6 7. h3 Bxf3 8. Bxf3
c6 9. O-O e5 10. b3 f5 11. dxe5 dxe5 12. e4 f4 13. Ba3 Qa5 14. Qd6 O-O-O 15.
Bb4 Qb6 16. Na4 Qc7 17. Bg4 Ngf6 18. Qxc7+ Kxc7 19. Ba5+ b6 20. Nxb6 Nxb6 21.
c5 Rd4 22. f3 Re8 23. Bxb6+ Kb7 24. h4 Nxg4 25. fxg4 Rxe4 26. Rad1 Re7 27. Rd2
h6 28. Rd6 g5 29. hxg5 hxg5 30. Bd8 Rf7 31. Bxg5 Bf8 32. Rfd1 Bxd6 33. cxd6 Kc8
34. Kf2 Kd7 35. Be7 Re3 36. Re1 Rxe1 37. Kxe1 e4 38. g5 Rxe7 39. dxe7 Kxe7 40.
b4 Kf7 41. Kd2 Kg6 42. Kc3 Kxg5 43. Kd4 e3 44. Kd3 Kg4 45. Ke2 Kg3 46. Kf1 0-1

[Event "Bad Woerishofen op"]
[Site "?"]
[Date "2000.??.??"]
[Round "3"]
[White "Ludekus, Bernhard"]
[Black "Morger, Karl-Heinz"]
[Result "0-1"]
[WhiteElo "1600"]
[BlackElo "1815"]
[Annotator "ChessOrg"]
[PlyCount "92"]
[EventDate "2000.??.??"]
[Source "ChessBase"]
[SourceDate "1998.04.29"]

1. Nf3 d5 2. d4 e6 3. g3 g6 4. Bg2 Bg7 5. O-O Nf6 6. Bf4 O-O 7. Nbd2 Nh5 8. Be5
f6 9. Bf4 Nxf4 10. gxf4 Qd6 11. e3 c5 12. c4 cxd4 13. Nxd4 Nc6 14. Nb5 Qd8 15.
Rc1 a6 16. Nc3 d4 17. Bxc6 dxc3 18. Bxb7 Bxb7 19. Rxc3 Qb6 20. Qc2 Qc6 21. f3
f5 22. Rb3 Rad8 23. Rb4 Rd7 24. Nb3 Qc7 25. c5 Rc8 26. Qc4 Bd5 27. Qxa6 Ra8 28.
Qb5 Rxa2 29. Nd4 Ra5 30. Qb6 Qxc5 31. Nxe6 Qxb6 32. Rxb6 Bxe6 33. Rxe6 Bxb2 34.
Rb1 Rd2 35. Rf1 Ra2 36. Rf2 Rxf2 37. Kxf2 Kf7 38. Rd6 Bc1+ 39. Kg3 Bxe3 40.
Rd7+ Kg8 41. Rd8+ Kg7 42. Rd7+ Kh6 43. Re7 Bg1 44. h3 Bh2+ 45. Kh4 Ra4 46.
Rxh7+ Kxh7 0-1

[Event "Bad Woerishofen op"]
[Site "?"]
[Date "2000.??.??"]
[Round "5"]
[White "Ludekus, Bernhard"]
[Black "Disselberger, Alfons"]
[Result "1-0"]
[WhiteElo "1600"]
[BlackElo "1271"]
[Annotator "ChessOrg"]
[PlyCount "41"]
[EventDate "2000.??.??"]
[Source "ChessBase"]
[SourceDate "1998.04.29"]

1. d4 d5 2. c4 e6 3. Nc3 Nf6 4. Bg5 c6 5. e3 Nbd7 6. Bd3 h6 7. Bh4 Be7 8. Nf3
O-O 9. O-O dxc4 10. Bxc4 Nb6 11. Bb3 a5 12. Qd3 c5 13. Bc4 Nxc4 14. Qxc4 Qb6
15. b3 Qb4 16. Qd3 Rd8 17. d5 g5 18. Bxg5 hxg5 19. Nxg5 Nxd5 20. Qh7+ Kf8 21.
Qxf7# 1-0

[Event "Bad Woerishofen op"]
[Site "?"]
[Date "2000.??.??"]
[Round "6"]
[White "Ludekus, Bernhard"]
[Black "Ganslmayer, Herbert"]
[Result "0-1"]
[WhiteElo "1600"]
[BlackElo "1770"]
[Annotator "ChessOrg"]
[PlyCount "44"]
[EventDate "2000.??.??"]
[Source "ChessBase"]
[SourceDate "1998.04.29"]

1. d4 d5 2. Nf3 e6 3. c4 f5 4. Nc3 c6 5. e3 Bd6 6. Bd3 Nf6 7. O-O O-O 8. Re1
Nbd7 9. Ng5 Qe8 10. b3 Ne4 11. Ncxe4 fxe4 12. Be2 Qg6 13. Nh3 Nf6 14. f3 e5 15.
Nf2 exf3 16. Bxf3 e4 17. Be2 Be6 18. Bb2 Qh6 19. h3 Qxe3 20. Bg4 Qg3 21. Bxe6+
Kh8 22. Ng4 Nxg4 0-1

[Event "Bad Woerishofen op"]
[Site "?"]
[Date "2000.??.??"]
[Round "8"]
[White "Ludekus, Bernhard"]
[Black "Voegerl, Johann"]
[Result "0-1"]
[WhiteElo "1600"]
[BlackElo "1500"]
[Annotator "ChessOrg"]
[PlyCount "60"]
[EventDate "2000.??.??"]
[Source "ChessBase"]
[SourceDate "1998.04.29"]

1. d4 d5 2. c4 e5 3. dxe5 d4 4. Nf3 Nc6 5. e3 Bb4+ 6. Bd2 dxe3 7. fxe3 Bf5 8.
a3 Bxd2+ 9. Nbxd2 Qe7 10. e4 Bg6 11. Be2 Nxe5 12. O-O Nf6 13. Qa4+ c6 14. Rad1
O-O 15. Qc2 Qc5+ 16. Kh1 Neg4 17. Nh4 Nf2+ 18. Rxf2 Qxf2 19. Nxg6 hxg6 20. Bf3
Rad8 21. e5 Nh5 22. Rf1 Qxd2 23. Qe4 Rd4 24. Qe2 Qxe2 25. Bxe2 Rd2 26. Bg4 Rd4
27. Bh3 Nf4 28. Bg4 Ne6 29. h3 Rfd8 30. b3 Re4 0-1

[Event "Bad Woerishofen op"]
[Site "?"]
[Date "2000.??.??"]
[Round "1"]
[White "Malik, Heinz"]
[Black "Reer, Erdmann"]
[Result "1/2-1/2"]
[WhiteElo "1708"]
[BlackElo "2158"]
[Annotator "ChessOrg"]
[PlyCount "84"]
[EventDate "2000.??.??"]
[Source "ChessBase"]
[SourceDate "1998.04.29"]

1. e4 c6 2. d4 d5 3. Nc3 dxe4 4. Nxe4 Bf5 5. Ng3 Bg6 6. Nf3 Nd7 7. c4 e6 8. c5
Ngf6 9. Be2 Be7 10. O-O h6 11. Be3 O-O 12. Bd3 Bxd3 13. Qxd3 Nxc5 14. Qc2 Ncd7
15. Rac1 Nd5 16. a3 f5 17. Ne2 f4 18. Bd2 Qe8 19. Rfe1 Qf7 20. Nc3 Rae8 21. Re2
g5 22. Ne5 Nxe5 23. Rxe5 Bd6 24. Re4 Nf6 25. Ree1 Re7 26. Ne4 Nxe4 27. Rxe4 f3
28. g3 Qh5 29. Qc4 Qh3 30. Qf1 Qf5 31. Rce1 Rfe8 32. Qc4 h5 33. Qf1 g4 34. Bf4
Qd5 35. Bxd6 Qxd6 36. Re5 Qxd4 37. Rxh5 e5 38. Rd1 Qe4 39. Re1 Qg6 40. Qc4+ Kg7
41. Rh4 e4 42. Qd4+ Kg8 1/2-1/2

[Event "Bad Woerishofen op"]
[Site "?"]
[Date "2000.??.??"]
[Round "4"]
[White "Malik, Heinz"]
[Black "Storkebaum, Karl-Heinz"]
[Result "0-1"]
[WhiteElo "1708"]
[BlackElo "1830"]
[Annotator "ChessOrg"]
[PlyCount "56"]
[EventDate "2000.??.??"]
[Source "ChessBase"]
[SourceDate "1998.04.29"]

1. e4 c5 2. Nf3 d6 3. d4 cxd4 4. Nxd4 Nf6 5. Nc3 a6 6. Be3 e5 7. Nf3 Be6 8. Bd3
Qc7 9. O-O b5 10. a3 Be7 11. Nd2 Nbd7 12. f3 O-O 13. Kh1 Nb6 14. Qe2 d5 15.
exd5 Nbxd5 16. Nxd5 Nxd5 17. Be4 Nxe3 18. Qxe3 Rad8 19. Rfd1 Rd7 20. Nb3 Rfd8
21. Rxd7 Rxd7 22. Qe2 Bc4 23. Qe1 g6 24. g4 Bg5 25. Rd1 Bf4 26. Nd2 Qd8 27. Bd3
Bxd3 28. cxd3 Rxd3 0-1

[Event "Bad Woerishofen op"]
[Site "?"]
[Date "2000.??.??"]
[Round "6"]
[White "Malik, Heinz"]
[Black "Gruenke, Guenter"]
[Result "1-0"]
[WhiteElo "1708"]
[BlackElo "1786"]
[Annotator "ChessOrg"]
[PlyCount "121"]
[EventDate "2000.??.??"]
[Source "ChessBase"]
[SourceDate "1998.04.29"]

1. d4 Nf6 2. c4 e5 3. dxe5 Ng4 4. Nf3 Nc6 5. Nc3 Ngxe5 6. Nxe5 Nxe5 7. e4 g6 8.
b3 Bg7 9. Bb2 O-O 10. f4 Nc6 11. Qd2 d6 12. Be2 Be6 13. O-O-O Nd4 14. h3 b5 15.
Nxb5 Nxe2+ 16. Qxe2 Bxb2+ 17. Qxb2 Rb8 18. Qc3 a6 19. Nd4 Qf6 20. Ne2 Qe7 21.
Rhe1 f6 22. g4 Bd7 23. Qd4 Bc6 24. Nc3 Rbc8 25. Nd5 Qf7 26. Rd2 a5 27. Qe3 a4
28. b4 Bb7 29. Qd3 Rfe8 30. Rde2 Ba6 31. b5 Bb7 32. Qd4 Rf8 33. Kd2 c6 34. Nc3
Rfe8 35. bxc6 Bxc6 36. Nd5 Rf8 37. Kc3 Rcd8 38. Rb1 Bxd5 39. Qxd5 Rfe8 40.
Qxf7+ Kxf7 41. Kd4 Re7 42. Reb2 Rdd7 43. Rb4 Ra7 44. Kd5 Red7 45. Rb6 Ke7 46.
Rb8 Rac7 47. R1b5 f5 48. exf5 gxf5 49. Rb4 Kf6 50. Rf8+ Rf7 51. Rxf7+ Kxf7 52.
g5 Kg6 53. Rb6 Kh5 54. Rxd6 Kh4 55. Rf6 Kxh3 56. Rxf5 Kg4 57. Rf6 Rb7 58. c5
Rb2 59. c6 Rxa2 60. c7 Rc2 61. Rc6 1-0

[Event "Bad Woerishofen op"]
[Site "?"]
[Date "2000.??.??"]
[Round "8"]
[White "Malik, Heinz"]
[Black "Niebaum, Karl"]
[Result "0-1"]
[WhiteElo "1708"]
[BlackElo "1787"]
[Annotator "ChessOrg"]
[PlyCount "78"]
[EventDate "2000.??.??"]
[Source "ChessBase"]
[SourceDate "1998.04.29"]

1. d4 d5 2. c4 dxc4 3. e3 Bf5 4. Bxc4 e6 5. Nf3 Nf6 6. Nc3 c6 7. O-O Nbd7 8. h3
Be7 9. b3 O-O 10. Bb2 h6 11. Bd3 Bxd3 12. Qxd3 Qa5 13. a3 Rad8 14. b4 Qh5 15.
Qe2 a6 16. Rac1 g5 17. Nh2 Qg6 18. f4 Nd5 19. Nxd5 exd5 20. f5 Qh7 21. Ng4 Nf6
22. Nxf6+ Bxf6 23. g4 Rfe8 24. Qf3 Re4 25. Rce1 Rde8 26. Qg3 Qg7 27. Rf3 Qf8
28. Kf2 Qe7 29. Qh2 Ra8 30. Kf1 a5 31. Bc3 Kg7 32. Qb2 a4 33. Qh2 Rh8 34. Kf2
h5 35. Qg2 Qd8 36. Rh1 hxg4 37. hxg4 Rxh1 38. Qxh1 Rxg4 39. Qh5 Rh4 0-1